000 00373nam a2200145Ia 4500
008 260514s2025 xx 000 0 und d
041 _aeng
082 _bM-3784
100 _aSANDEEP PURKAR
245 _aHAZARDS AND SAFTY MANAGEMENT
260 _aPUNE
_bEVEREST PUBLISHER HOUSE
_c2025
300 _aP.B/174
650 _aQUALITY ASSURANCE
700 _aHEMANT CHIKHALE
999 _c1221639
_d1221639